00673nam a2200181Ia 4500952017000000999001700170003000400187005001700191008004100208020001800249040000900267082002400276100003100300245005400331260004300385300000900428942005400437 00102ddc40708SOCIAL SCIENCEaMESbMEScSOCIAL SCIENCEd2019-02-20g3000.00l1o305.56880954 SIN/Dp38233r2020-01-10 00:00:00s2020-01-06w2019-02-20yBKzGL41R3 c21691d21691OSt20200615124221.0190216s9999||||xx |||||||||||||| ||und|| a9788126158317 coclc a305.56880954bSIN/D a Singh, Ramindra Ajit9369 0aDalit And Social Equality /cRamindra Ajit Singh bAnmol Publications,c2014.aNew Delhi: a296p cBK2ddch305.56880954iSIN/Dk305.56880954mSIN/D